Statistiche per Personaggi della Famiglia Addams

Clicka qui per fare il quiz!

Statistiche generali

  • Questo quiz è stato fatto 161 volte
  • Il punteggio medio è 6 su 8

Statistiche sulle risposte

RuoloNome% Corretto
FigliaMercoledì
99%
MadreMorticia
94%
ZioFester
93%
ManoCosa (o Mano)
86%
CuginoItt
74%
PadreGomez
73%
MaggiordomoLurch
64%
FiglioPugsley
52%

Distribuzione punteggi

Percentile per numero di risposta

Percentuale di utenti per punteggio

I tuoi punteggi nel tempo

Non hai fatto questo quiz